| 000 | 00510nam a2200181Ia 4500 | ||
|---|---|---|---|
| 008 | 131103s9999 xx 000 0 und d | ||
| 020 |
_a8170554322 _cRs.250.00 |
||
| 040 | _aLoreto College | ||
| 041 | _aEnglish | ||
| 082 |
_a491.43/JHA _bLCLIB/HINSEMLIB 808/49016 |
||
| 100 | _aJhalte,Dangal | ||
| 245 |
_aPrayojanmoolak Hindi _b Siddhant aur prayog _cDangal Jhalte |
||
| 260 |
_aNew Delhi _bVani Prakashan _c2006 |
||
| 300 |
_a253p _c 22cm |
||
| 650 | _aHindi language | ||
| 850 | _aLCLIB/ | ||
| 942 | _cBK | ||
| 999 |
_c37603 _d88082 |
||